|
|
|
|
| LEADER |
01133nam a2200361 4500 |
| 001 |
DLU110123655 |
| 005 |
##20110809 |
| 040 |
# |
# |
|a DLU
|b vie
|
| 041 |
# |
# |
|a vie
|
| 044 |
# |
# |
|a vn
|
| 082 |
# |
# |
|a 371.102
|b MA-R
|
| 100 |
# |
# |
|a Marzano, Robert J.
|
| 245 |
# |
# |
|a Nghệ thuật và khoa học dạy học :
|b Luận cứ toàn diện về dạy học hiệu quả /
|c Robert J. Marzano; Nguyễn Hữu Châu dịch; Lê Văn Canh hiệu đính.
|
| 260 |
# |
# |
|a H. :
|b Giáo dục Việt Nam,
|c 2011.
|
| 300 |
# |
# |
|a 239 tr. ;
|c 24 cm.
|
| 490 |
# |
# |
|a Bộ sách đổi mới phương pháp dạy học.
|
| 504 |
# |
# |
|a Tài liệu tham khảo: tr.216.
|
| 650 |
# |
# |
|a Học tập, Tâm lý học.
|
| 650 |
# |
# |
|a Hiệu quả giảng dạy
|z Hoa Kỳ.
|
| 650 |
# |
# |
|a Quản lý lớp học
|z Hoa Kỳ.
|
| 700 |
# |
# |
|a Lê Văn Canh,
|e hiệu đính.
|
| 700 |
# |
# |
|a Nguyễn Hữu Châu,
|c GS.TS.
|e dịch.
|
| 923 |
# |
# |
|a 09/2011
|
| 991 |
# |
# |
|a GT
|
| 992 |
# |
# |
|a 40500
|
| 994 |
# |
# |
|a DLU
|
| 900 |
# |
# |
|a True
|
| 911 |
# |
# |
|a Đào Thị Thu Huyền
|
| 925 |
# |
# |
|a G
|
| 926 |
# |
# |
|a A
|
| 927 |
# |
# |
|a SH
|
| 980 |
# |
# |
|a Thư viện Trường Đại học Đà Lạt
|